| 000 | 00428nam a22001817a 4500 | ||
|---|---|---|---|
| 003 | CEME | ||
| 005 | 20210628205803.0 | ||
| 008 | 210316b xxu||||| |||| 00| 0 eng d | ||
| 020 | _a969-0-01358-0 | ||
| 040 | _c. | ||
| 082 | _a891.4393 MAQ | ||
| 100 |
_aMaqbool Anwar Dawoodi _977030 |
||
| 245 | _aJawahar paray | ||
| 260 |
_aLAHORE _bFEROZE SONS _c1997 |
||
| 300 | _a340P | ||
| 650 |
_aURDU ADAB _977031 |
||
| 942 |
_cBK _2ddc |
||
| 999 |
_c582348 _d582348 |
||